<?xml version="1.0" encoding="UTF-8"?>
<collection xmlns="http://www.loc.gov/MARC21/slim">
 <record>
  <leader>06603cam a2201105   4500</leader>
  <controlfield tag="001">529110377</controlfield>
  <controlfield tag="003">DE-627</controlfield>
  <controlfield tag="005">20241015082049.0</controlfield>
  <controlfield tag="007">tu</controlfield>
  <controlfield tag="008">070516s2007    gw ||||| c    00| ||ger c</controlfield>
  <datafield tag="015" ind1=" " ind2=" ">
   <subfield code="a">07,N22,1439</subfield>
   <subfield code="2">dnb</subfield>
  </datafield>
  <datafield tag="015" ind1=" " ind2=" ">
   <subfield code="a">07,N22,1439</subfield>
   <subfield code="2">dnb</subfield>
  </datafield>
  <datafield tag="016" ind1="7" ind2=" ">
   <subfield code="a">98403613X</subfield>
   <subfield code="2">DE-101</subfield>
  </datafield>
  <datafield tag="020" ind1=" " ind2=" ">
   <subfield code="a">9783777437552</subfield>
   <subfield code="c">Pb. : ca. EUR 39.90, ca. sfr 63.00</subfield>
   <subfield code="9">978-3-7774-3755-2</subfield>
  </datafield>
  <datafield tag="020" ind1=" " ind2=" ">
   <subfield code="a">3777437557</subfield>
   <subfield code="c">Pb. : ca. EUR 39.90, ca. sfr 63.00</subfield>
   <subfield code="9">3-7774-3755-7</subfield>
  </datafield>
  <datafield tag="024" ind1="3" ind2=" ">
   <subfield code="a">9783777437552</subfield>
  </datafield>
  <datafield tag="035" ind1=" " ind2=" ">
   <subfield code="a">(DE-627)529110377</subfield>
  </datafield>
  <datafield tag="035" ind1=" " ind2=" ">
   <subfield code="a">(DE-576)265858232</subfield>
  </datafield>
  <datafield tag="035" ind1=" " ind2=" ">
   <subfield code="a">(DE-599)DNB98403613X</subfield>
  </datafield>
  <datafield tag="035" ind1=" " ind2=" ">
   <subfield code="a">(OCoLC)227327532</subfield>
  </datafield>
  <datafield tag="035" ind1=" " ind2=" ">
   <subfield code="a">(OCoLC)315693580</subfield>
  </datafield>
  <datafield tag="040" ind1=" " ind2=" ">
   <subfield code="a">DE-627</subfield>
   <subfield code="b">ger</subfield>
   <subfield code="c">DE-627</subfield>
   <subfield code="e">rakwb</subfield>
  </datafield>
  <datafield tag="041" ind1=" " ind2=" ">
   <subfield code="a">ger</subfield>
  </datafield>
  <datafield tag="044" ind1=" " ind2=" ">
   <subfield code="c">XA-DE-BY</subfield>
  </datafield>
  <datafield tag="050" ind1=" " ind2="0">
   <subfield code="a">N6757</subfield>
  </datafield>
  <datafield tag="082" ind1="0" ind2=" ">
   <subfield code="a">700</subfield>
  </datafield>
  <datafield tag="082" ind1="0" ind2="4">
   <subfield code="a">750</subfield>
  </datafield>
  <datafield tag="082" ind1="0" ind2="4">
   <subfield code="a">700</subfield>
  </datafield>
  <datafield tag="084" ind1=" " ind2=" ">
   <subfield code="a">9,10</subfield>
   <subfield code="a">9,11</subfield>
   <subfield code="2">ssgn</subfield>
  </datafield>
  <datafield tag="084" ind1=" " ind2=" ">
   <subfield code="a">LH 70390</subfield>
   <subfield code="2">rvk</subfield>
   <subfield code="0">(DE-625)rvk/94821:12026</subfield>
  </datafield>
  <datafield tag="084" ind1=" " ind2=" ">
   <subfield code="a">LH 42800</subfield>
   <subfield code="q">BVB</subfield>
   <subfield code="2">rvk</subfield>
   <subfield code="0">(DE-625)rvk/93484:</subfield>
  </datafield>
  <datafield tag="084" ind1=" " ind2=" ">
   <subfield code="a">LH 65810</subfield>
   <subfield code="q">BVB</subfield>
   <subfield code="2">rvk</subfield>
   <subfield code="0">(DE-625)rvk/94561:12026</subfield>
  </datafield>
  <datafield tag="084" ind1=" " ind2=" ">
   <subfield code="a">LH 42810</subfield>
   <subfield code="q">BVB</subfield>
   <subfield code="2">rvk</subfield>
   <subfield code="0">(DE-625)rvk/93485:</subfield>
  </datafield>
  <datafield tag="084" ind1=" " ind2=" ">
   <subfield code="a">LI 61300</subfield>
   <subfield code="2">rvk</subfield>
   <subfield code="0">(DE-625)rvk/96684:</subfield>
  </datafield>
  <datafield tag="084" ind1=" " ind2=" ">
   <subfield code="a">LI 90850</subfield>
   <subfield code="2">rvk</subfield>
   <subfield code="0">(DE-625)rvk/97300:</subfield>
  </datafield>
  <datafield tag="084" ind1=" " ind2=" ">
   <subfield code="a">20.25</subfield>
   <subfield code="2">bkl</subfield>
  </datafield>
  <datafield tag="084" ind1=" " ind2=" ">
   <subfield code="a">20.31</subfield>
   <subfield code="2">bkl</subfield>
  </datafield>
  <datafield tag="084" ind1=" " ind2=" ">
   <subfield code="a">21.02</subfield>
   <subfield code="2">bkl</subfield>
  </datafield>
  <datafield tag="245" ind1="1" ind2="0">
   <subfield code="a">Turner - Hugo - Moreau</subfield>
   <subfield code="b">Entdeckung der Abstraktion ; [anlässlich der Ausstellung &quot;Turner - Hugo - Moreau : Entdeckung der Abstraktion&quot;,  Schirn Kunsthalle Frankfurt, 6. Oktober 2007 - 6. Januar 2008]</subfield>
   <subfield code="c">hrsg. von Raphael Rosenberg ...</subfield>
  </datafield>
  <datafield tag="246" ind1="3" ind2="3">
   <subfield code="a">Entdeckung der Abstraktion</subfield>
  </datafield>
  <datafield tag="264" ind1=" " ind2="1">
   <subfield code="a">Frankfurt</subfield>
   <subfield code="b">Schirn-Kunsthalle</subfield>
   <subfield code="c">2007</subfield>
  </datafield>
  <datafield tag="264" ind1=" " ind2="1">
   <subfield code="a">Frankfurt, Main</subfield>
   <subfield code="b">Schirn Kunsthalle</subfield>
   <subfield code="c">2007</subfield>
  </datafield>
  <datafield tag="300" ind1=" " ind2=" ">
   <subfield code="a">359 S.</subfield>
   <subfield code="b">überw. Ill., graph. Darst.</subfield>
   <subfield code="c">30 cm</subfield>
  </datafield>
  <datafield tag="336" ind1=" " ind2=" ">
   <subfield code="a">Text</subfield>
   <subfield code="b">txt</subfield>
   <subfield code="2">rdacontent</subfield>
  </datafield>
  <datafield tag="336" ind1=" " ind2=" ">
   <subfield code="a">unbewegtes Bild</subfield>
   <subfield code="b">sti</subfield>
   <subfield code="2">rdacontent</subfield>
  </datafield>
  <datafield tag="337" ind1=" " ind2=" ">
   <subfield code="a">ohne Hilfsmittel zu benutzen</subfield>
   <subfield code="b">n</subfield>
   <subfield code="2">rdamedia</subfield>
  </datafield>
  <datafield tag="338" ind1=" " ind2=" ">
   <subfield code="a">Band</subfield>
   <subfield code="b">nc</subfield>
   <subfield code="2">rdacarrier</subfield>
  </datafield>
  <datafield tag="583" ind1="1" ind2=" ">
   <subfield code="a">Archivierung/Langzeitarchivierung gewährleistet</subfield>
   <subfield code="f">SSG</subfield>
   <subfield code="x">XA-DE-BW</subfield>
   <subfield code="2">pdager</subfield>
   <subfield code="5">DE-16</subfield>
  </datafield>
  <datafield tag="600" ind1="1" ind2="4">
   <subfield code="a">Hugo, Victor &lt;1802-1885&gt;</subfield>
   <subfield code="x">Exhibitions</subfield>
  </datafield>
  <datafield tag="600" ind1="1" ind2="4">
   <subfield code="a">Moreau, Gustave &lt;1826-1898&gt;</subfield>
   <subfield code="x">Exhibitions</subfield>
  </datafield>
  <datafield tag="600" ind1="1" ind2="4">
   <subfield code="a">Turner, J. M. W &lt;1775-1851&gt;</subfield>
   <subfield code="x">(Joseph Mallord William)</subfield>
   <subfield code="x">Exhibitions</subfield>
  </datafield>
  <datafield tag="650" ind1=" " ind2="4">
   <subfield code="a">Art, Abstract</subfield>
   <subfield code="x">Europe</subfield>
   <subfield code="x">Exhibitions</subfield>
  </datafield>
  <datafield tag="650" ind1=" " ind2="4">
   <subfield code="a">Art, European</subfield>
   <subfield code="x">19th century</subfield>
   <subfield code="x">Exhibitions</subfield>
  </datafield>
  <datafield tag="655" ind1=" " ind2="7">
   <subfield code="a">Ausstellungskatalog</subfield>
   <subfield code="y">2007</subfield>
   <subfield code="z">Frankfurt, Main</subfield>
   <subfield code="0">(DE-588)4135467-9</subfield>
   <subfield code="0">(DE-627)10566491X</subfield>
   <subfield code="0">(DE-576)209660988</subfield>
   <subfield code="2">gnd-content</subfield>
  </datafield>
  <datafield tag="689" ind1="0" ind2="0">
   <subfield code="d">p</subfield>
   <subfield code="0">(DE-588)11862475X</subfield>
   <subfield code="0">(DE-627)035151099</subfield>
   <subfield code="0">(DE-576)209139013</subfield>
   <subfield code="a">Turner, Joseph Mallord William</subfield>
   <subfield code="d">1775-1851</subfield>
   <subfield code="2">gnd</subfield>
  </datafield>
  <datafield tag="689" ind1="0" ind2="1">
   <subfield code="d">s</subfield>
   <subfield code="0">(DE-588)4141148-1</subfield>
   <subfield code="0">(DE-627)105622613</subfield>
   <subfield code="0">(DE-576)209708875</subfield>
   <subfield code="a">Abstrakte Malerei</subfield>
   <subfield code="2">gnd</subfield>
  </datafield>
  <datafield tag="689" ind1="0" ind2=" ">
   <subfield code="5">DE-101</subfield>
  </datafield>
  <datafield tag="689" ind1="1" ind2="0">
   <subfield code="d">p</subfield>
   <subfield code="0">(DE-588)118554654</subfield>
   <subfield code="0">(DE-627)133430359</subfield>
   <subfield code="0">(DE-576)161514944</subfield>
   <subfield code="a">Hugo, Victor</subfield>
   <subfield code="d">1802-1885</subfield>
   <subfield code="2">gnd</subfield>
  </datafield>
  <datafield tag="689" ind1="1" ind2="1">
   <subfield code="d">s</subfield>
   <subfield code="0">(DE-588)4127900-1</subfield>
   <subfield code="0">(DE-627)104725044</subfield>
   <subfield code="0">(DE-576)209597518</subfield>
   <subfield code="a">Zeichnung</subfield>
   <subfield code="2">gnd</subfield>
  </datafield>
  <datafield tag="689" ind1="1" ind2="2">
   <subfield code="d">s</subfield>
   <subfield code="0">(DE-588)4141146-8</subfield>
   <subfield code="0">(DE-627)105622621</subfield>
   <subfield code="0">(DE-576)209708867</subfield>
   <subfield code="a">Abstrakte Kunst</subfield>
   <subfield code="2">gnd</subfield>
  </datafield>
  <datafield tag="689" ind1="1" ind2=" ">
   <subfield code="5">DE-101</subfield>
  </datafield>
  <datafield tag="689" ind1="2" ind2="0">
   <subfield code="d">p</subfield>
   <subfield code="0">(DE-588)118583972</subfield>
   <subfield code="0">(DE-627)145361128</subfield>
   <subfield code="0">(DE-576)162285086</subfield>
   <subfield code="a">Moreau, Gustave</subfield>
   <subfield code="d">1826-1898</subfield>
   <subfield code="2">gnd</subfield>
  </datafield>
  <datafield tag="689" ind1="2" ind2="1">
   <subfield code="d">s</subfield>
   <subfield code="0">(DE-588)4141148-1</subfield>
   <subfield code="0">(DE-627)105622613</subfield>
   <subfield code="0">(DE-576)209708875</subfield>
   <subfield code="a">Abstrakte Malerei</subfield>
   <subfield code="2">gnd</subfield>
  </datafield>
  <datafield tag="689" ind1="2" ind2=" ">
   <subfield code="5">DE-101</subfield>
  </datafield>
  <datafield tag="700" ind1="1" ind2=" ">
   <subfield code="a">Rosenberg, Raphael</subfield>
   <subfield code="d">1962-</subfield>
   <subfield code="e">Hrsg.</subfield>
   <subfield code="0">(DE-588)140270795</subfield>
   <subfield code="0">(DE-627)616973284</subfield>
   <subfield code="0">(DE-576)316181269</subfield>
   <subfield code="4">edt</subfield>
  </datafield>
  <datafield tag="700" ind1="1" ind2=" ">
   <subfield code="a">Turner, Joseph Mallord William</subfield>
   <subfield code="d">1775-1851</subfield>
   <subfield code="e">Ill.</subfield>
   <subfield code="0">(DE-588)11862475X</subfield>
   <subfield code="0">(DE-627)035151099</subfield>
   <subfield code="0">(DE-576)209139013</subfield>
   <subfield code="4">ill</subfield>
  </datafield>
  <datafield tag="700" ind1="1" ind2=" ">
   <subfield code="a">Hugo, Victor</subfield>
   <subfield code="d">1802-1885</subfield>
   <subfield code="e">Ill.</subfield>
   <subfield code="0">(DE-588)118554654</subfield>
   <subfield code="0">(DE-627)133430359</subfield>
   <subfield code="0">(DE-576)161514944</subfield>
   <subfield code="4">ill</subfield>
  </datafield>
  <datafield tag="700" ind1="1" ind2=" ">
   <subfield code="a">Moreau, Gustave</subfield>
   <subfield code="d">1826-1898</subfield>
   <subfield code="e">Ill.</subfield>
   <subfield code="0">(DE-588)118583972</subfield>
   <subfield code="0">(DE-627)145361128</subfield>
   <subfield code="0">(DE-576)162285086</subfield>
   <subfield code="4">ill</subfield>
  </datafield>
  <datafield tag="710" ind1="2" ind2=" ">
   <subfield code="a">Schirn Kunsthalle Frankfurt</subfield>
   <subfield code="0">(DE-588)2087956-8</subfield>
   <subfield code="0">(DE-627)100310990</subfield>
   <subfield code="0">(DE-576)192586653</subfield>
   <subfield code="4">oth</subfield>
  </datafield>
  <datafield tag="711" ind1="2" ind2=" ">
   <subfield code="a">Ausstellung Turner-Hugo-Moreau. Entdeckung der Abstraktion</subfield>
   <subfield code="d">2007 - 2008</subfield>
   <subfield code="c">Frankfurt, Main</subfield>
   <subfield code="0">(DE-588)6068081-7</subfield>
   <subfield code="0">(DE-627)546711316</subfield>
   <subfield code="0">(DE-576)273637584</subfield>
   <subfield code="4">oth</subfield>
  </datafield>
  <datafield tag="776" ind1="0" ind2="8">
   <subfield code="i">Erscheint auch als</subfield>
   <subfield code="n">Online-Ausgabe</subfield>
   <subfield code="t">Schriften von Raphael Rosenberg ; 16: Turner, Hugo, Moreau</subfield>
   <subfield code="d">München : Hirmer, 2007</subfield>
   <subfield code="h">359 S.</subfield>
   <subfield code="w">(DE-627)1377367142</subfield>
   <subfield code="w">(DE-576)307367142</subfield>
   <subfield code="z">3777437557</subfield>
  </datafield>
  <datafield tag="787" ind1="0" ind2="8">
   <subfield code="i">Rezensiert in</subfield>
   <subfield code="a">Wetzig, Heike</subfield>
   <subfield code="t">[Rezension von: Raphael Rosenberg, Max Hollein (Hg.), Turner - Hugo - Moreau]</subfield>
   <subfield code="d">Regensburg : Schnell und Steiner, 2008</subfield>
   <subfield code="w">(DE-627)1551088193</subfield>
   <subfield code="w">(DE-576)481088199</subfield>
  </datafield>
  <datafield tag="856" ind1="4" ind2="2">
   <subfield code="u">https://swbplus.bsz-bw.de/bsz265858232inh.htm</subfield>
   <subfield code="m">V:DE-576</subfield>
   <subfield code="q">application/pdf</subfield>
   <subfield code="3">Inhaltsverzeichnis</subfield>
  </datafield>
  <datafield tag="889" ind1=" " ind2=" ">
   <subfield code="w">(DE-627)1695467094</subfield>
  </datafield>
  <datafield tag="889" ind1=" " ind2=" ">
   <subfield code="w">(DE-627)1871979803</subfield>
  </datafield>
  <datafield tag="935" ind1=" " ind2=" ">
   <subfield code="i">Blocktest</subfield>
  </datafield>
  <datafield tag="936" ind1="r" ind2="v">
   <subfield code="a">LH 70390</subfield>
   <subfield code="b">allgemein</subfield>
   <subfield code="k">Kunstgeschichte</subfield>
   <subfield code="k">Allgemeines. Allgemeine Kunstgeschichte</subfield>
   <subfield code="k">Kunstgeschichte einzelner Gattungen der Kunst</subfield>
   <subfield code="k">Malerei</subfield>
   <subfield code="k">Darstellungen einzelner Epochen</subfield>
   <subfield code="k">19., 20.  und 21. Jahrhundert</subfield>
   <subfield code="k">19. Jahrhundert</subfield>
   <subfield code="k">allgemein</subfield>
   <subfield code="0">(DE-627)127110752X</subfield>
   <subfield code="0">(DE-625)rvk/94821:12026</subfield>
   <subfield code="0">(DE-576)20110752X</subfield>
  </datafield>
  <datafield tag="936" ind1="r" ind2="v">
   <subfield code="a">LH 42800</subfield>
   <subfield code="b">Frankfurt (Main)</subfield>
   <subfield code="k">Kunstgeschichte</subfield>
   <subfield code="k">Allgemeines. Allgemeine Kunstgeschichte</subfield>
   <subfield code="k">Ausstellungswesen, Ausstellungskataloge</subfield>
   <subfield code="k">Ausstellungskataloge</subfield>
   <subfield code="k">Orte F</subfield>
   <subfield code="k">Frankfurt (Main)</subfield>
   <subfield code="0">(DE-627)1270636472</subfield>
   <subfield code="0">(DE-625)rvk/93484:</subfield>
   <subfield code="0">(DE-576)200636472</subfield>
  </datafield>
  <datafield tag="936" ind1="r" ind2="v">
   <subfield code="a">LH 65810</subfield>
   <subfield code="b">allgemein</subfield>
   <subfield code="k">Kunstgeschichte</subfield>
   <subfield code="k">Allgemeines. Allgemeine Kunstgeschichte</subfield>
   <subfield code="k">Allgemeine Kunstgeschichte: Darstellungen</subfield>
   <subfield code="k">Darstellungen einzelner Epochen</subfield>
   <subfield code="k">Mittlere und neuere Kunstgeschichte</subfield>
   <subfield code="k">Neuzeit</subfield>
   <subfield code="k">19. und 20. Jahrhundert</subfield>
   <subfield code="k">19. Jahrhundert</subfield>
   <subfield code="k">allgemein</subfield>
   <subfield code="0">(DE-627)1270644262</subfield>
   <subfield code="0">(DE-625)rvk/94561:12026</subfield>
   <subfield code="0">(DE-576)200644262</subfield>
  </datafield>
  <datafield tag="936" ind1="r" ind2="v">
   <subfield code="a">LH 42810</subfield>
   <subfield code="b">Frankfurt (Oder)</subfield>
   <subfield code="k">Kunstgeschichte</subfield>
   <subfield code="k">Allgemeines. Allgemeine Kunstgeschichte</subfield>
   <subfield code="k">Ausstellungswesen, Ausstellungskataloge</subfield>
   <subfield code="k">Ausstellungskataloge</subfield>
   <subfield code="k">Orte F</subfield>
   <subfield code="k">Frankfurt (Oder)</subfield>
   <subfield code="0">(DE-627)1272691837</subfield>
   <subfield code="0">(DE-625)rvk/93485:</subfield>
   <subfield code="0">(DE-576)202691837</subfield>
  </datafield>
  <datafield tag="936" ind1="r" ind2="v">
   <subfield code="a">LI 61300</subfield>
   <subfield code="b">Moreau, Gustave</subfield>
   <subfield code="k">Kunstgeschichte</subfield>
   <subfield code="k">Künstler-Monografien</subfield>
   <subfield code="k">Alphabetische Künstlerliste</subfield>
   <subfield code="k">Künstler M</subfield>
   <subfield code="k">Moreau, Gustave</subfield>
   <subfield code="0">(DE-627)1271136392</subfield>
   <subfield code="0">(DE-625)rvk/96684:</subfield>
   <subfield code="0">(DE-576)201136392</subfield>
  </datafield>
  <datafield tag="936" ind1="r" ind2="v">
   <subfield code="a">LI 90850</subfield>
   <subfield code="b">Turner, William</subfield>
   <subfield code="k">Kunstgeschichte</subfield>
   <subfield code="k">Künstler-Monografien</subfield>
   <subfield code="k">Alphabetische Künstlerliste</subfield>
   <subfield code="k">Künstler T</subfield>
   <subfield code="k">Turner, William</subfield>
   <subfield code="0">(DE-627)1271025051</subfield>
   <subfield code="0">(DE-625)rvk/97300:</subfield>
   <subfield code="0">(DE-576)201025051</subfield>
  </datafield>
  <datafield tag="936" ind1="b" ind2="k">
   <subfield code="a">20.25</subfield>
   <subfield code="j">Abstraktes</subfield>
   <subfield code="x">Ikonographie</subfield>
   <subfield code="0">(DE-627)106406329</subfield>
  </datafield>
  <datafield tag="936" ind1="b" ind2="k">
   <subfield code="a">20.31</subfield>
   <subfield code="j">Bildende Künstler</subfield>
   <subfield code="0">(DE-627)181571080</subfield>
  </datafield>
  <datafield tag="936" ind1="b" ind2="k">
   <subfield code="a">21.02</subfield>
   <subfield code="j">Geschichte der Malerei</subfield>
   <subfield code="0">(DE-627)106406698</subfield>
  </datafield>
  <datafield tag="951" ind1=" " ind2=" ">
   <subfield code="a">BO</subfield>
  </datafield>
  <datafield tag="990" ind1=" " ind2=" ">
   <subfield code="a">Turner, Joseph Mallord William</subfield>
  </datafield>
  <datafield tag="990" ind1=" " ind2=" ">
   <subfield code="a">Abstrakte Malerei</subfield>
  </datafield>
  <datafield tag="990" ind1=" " ind2=" ">
   <subfield code="a">Hugo, Victor</subfield>
  </datafield>
  <datafield tag="990" ind1=" " ind2=" ">
   <subfield code="a">Zeichnung</subfield>
  </datafield>
  <datafield tag="990" ind1=" " ind2=" ">
   <subfield code="a">Abstrakte Kunst</subfield>
  </datafield>
  <datafield tag="990" ind1=" " ind2=" ">
   <subfield code="a">Moreau, Gustave</subfield>
  </datafield>
  <datafield tag="990" ind1=" " ind2=" ">
   <subfield code="a">Abstrakte Malerei</subfield>
  </datafield>
  <datafield tag="991" ind1=" " ind2=" ">
   <subfield code="a">Rezensiertes Werk</subfield>
  </datafield>
  <datafield tag="999" ind1=" " ind2=" ">
   <subfield code="a">KXP-PPN529110377</subfield>
   <subfield code="e">4157499018</subfield>
  </datafield>
 </record>
</collection>
